Promoció de la salut comunitària en els municipis : 28 de juny de 2006 : Sant Boi de Llobregat 28 de juny de 2006 :
Descripción Física:
1 carpeta ; 30 cm
MARC
| LEADER | 00000nam a2200000Ia 4500 | ||
|---|---|---|---|
| 001 | 24198 | ||
| 003 | BGR | ||
| 005 | 20260324180624.0 | ||
| 008 | 160829s2006 xx 000 0 cat d | ||
| 080 | |a FU-63-24 | ||
| 245 | |a Promoció de la salut comunitària en els municipis : |b 28 de juny de 2006 : |b Sant Boi de Llobregat | ||
| 260 | |a Barcelona : |b Diputació de Barcelona. Servei de Salut Pública i Consum, |c 2006 | ||
| 300 | |a 1 carpeta ; |c 30 cm | ||
| 590 | |a Conté: Carta d'identitat de la Fundació Marianao, un programa de mà, el guió de presentació de les jornades. | ||
| 590 | |a Amb la col·laboració de: Fundació Marianao | ||
| 650 | |a Educació social |9 50333 | ||
| 650 | |a Salut pública |x Participació ciutadana |9 50334 | ||
| 710 | |a Barcelona (Catalunya : Província). |b Servei de Salut Pública i Consum |9 8151 | ||
| 710 | |a Fundació Marianao |9 59624 | ||
| 901 | |a Arxiu | ||
| 942 | |n 1 |2 udc |c MON | ||
| 952 | |0 0 |1 0 |4 0 |6 FU6324 |7 1 |9 55971 |a Arxiu |b Arxiu |d 2016-12-01 |l 0 |o FU-63-24 |p 24198 |r 2016-12-01 00:00:00 |w 2016-12-01 |y ARXIU | ||
| 999 | |c 59844 |d 59844 | ||